Logo BPK

Biblioteka

Politechniki Koszalińskiej

Elementarne naprawy odbiorników telewizyjnych / (Rekord nr 26985)

Szczegóły MARC
000 -ETYKIETA REKORDU
podpole kontrolne o stałej długości 00580nam a2200181 i 4500
001 - NUMER KONTROLNY REKORDU
pole kontrolne bg
040 ## - ŹRÓDŁO KATALOGOWANIA
Instytucja, która utworzyła rekord BPK
041 ## - KOD JĘZYKA
Kod języka tekstu pol
080 ## - UNIWERSALNA KLASYFIKACJA DZIESIĘTNA - UKD
UKD 621.397
008 - POLE O STAŁEJ DŁUGOŚCI - DANE KONTROLNE
podpole kontrolne o stałej długości s pl f |000 0 pol
100 1# - NAZWA OSOBOWA
Nazwa osobowa GIES, Johannes.
245 #0 - TYTUŁ/ODPOWIEDZIALNOŚĆ
Tytuł Elementarne naprawy odbiorników telewizyjnych /
Pozostałe elementy strefy tytułu i oznaczenia odpowiedzialności J[ohannes] Gies, C[arl] M[artin] Kirsch ; [Tłum. z niem. A. Wójciak, P. Kaźmierkowski].
260 ## - STREFA ADRESU WYDAWNICZEGO
Miejsce wydania Warszawa :
Nazwa wydawcy/dystrybutora Wydawn. Komunik. i Łączn.,
Data publikacji, dystrybucji/powstania dokumentu 1977.
300 ## - STREFA OPISU FIZYCZNEGO
Objętość s. 94, nlb. 2 :
Inne cechy fizyczne rys., ilustr.
504 ## - UWAGA DOTYCZĄCA BIBLIOGRAFII
Informacje o bibliografii [Zawiera bibliogr.].
700 1# - HASŁO DODATKOWE - NAZWA OSOBOWA
Nazwa osobowa KIRSCH, Carl Martin.
856 ## - LOKALIZACJA I DOSTĘP DO ELEKTRONICZNYCH DOKUMENTÓW ZDALNYCH
Link (URL) http://koha.tu.koszalin.pl/cgi-bin/koha/opac-detail.pl?biblionumber=26985
Tekst linku Katalog online BPK
942 ## - DODATKOWE ELEMENTY (KOHA)
Typ dokumentu Książka
Egzemplarze
Wycofany Status egzemplarza Uszkodzony Dostępność Lokalizacja stała Lokalizacja bieżąca Miejsce przechowywania Sygnatura Kod kreskowy Typ dokumentu
      Dostępny Biblioteka Politechniki Koszalińskiej Biblioteka Politechniki Koszalińskiej Wypożyczalnia BG 18704 01700756 Książka
© 2023 Biblioteka Politechniki Koszalińskiej :: KOHA